Communication and interpersonal relationship in educational management (Record no. 2689)

MARC details
000 -LEADER
fixed length control field 00415nam a22001337a 4500
008 - FIXED-LENGTH DATA ELEMENTS--GENERAL INFORMATION
fixed length control field 250325b |||||||| |||| 00| 0 eng d
020 ## - INTERNATIONAL STANDARD BOOK NUMBER
ISBN 97897851451010
100 ## - MAIN ENTRY--AUTHOR
Author Bua Felix Terhile
245 ## - TITLE STATEMENT
Title Communication and interpersonal relationship in educational management
260 ## - PUBLICATION, DISTRIBUTION, ETC. (IMPRINT)
Place of publication Markudi
Name of publisher Tent-D Associates and consulting publishers
Date of publication 2020
650 ## - TRACINGS
Main Subject School management
942 ## - ADDED ENTRY ELEMENTS (KOHA)
Item type Books
050 ## - LIBRARY OF CONGRESS CALL NUMBER
Classification number LB2805
Item number .B83
Holdings
Source of classification or shelving scheme Not for loan Permanent location Current location Date acquired Accession No. Full call number Barcode. Koha item type
Library of Congress Classification   Institute of Education Library Institute of Education Library 03/25/2025 2024/62029 LB2805.B83 2025-0982 Books